000 00509nam a22001697a 4500
020 _a9780071247085
050 _aTP155.2
_b.T45 S58 2005
100 _aSmith, J. M.
245 _aIntroduction to chemical engineering thermodynamics
250 _a7th Edition
_bInternational edition 2005
260 _aNewYork
_bMc Graw Hill
_c2005
300 _axviii, 817p.
500 _aincludes index, tables
650 _bThermodynamics, Chemical engineering
_vbook
_xPBK
700 _aH.C Van Ness, M.M. Abot
942 _cGEN
999 _c554
_d554